Statistics for Countries With The Most Movie Admissions

Click here to take the quiz!

General Stats

  • This quiz has been taken 29 times
  • The average score is 18 of 20

Answer Stats

CountryAdmissions% Correct
6France190,919,963
100%
1India1,978,000,000
100%
4Mexico248,039,378
100%
7Russia177,100,000
100%
8United Kingdom165,500,000
100%
2United States1,343,032,195
100%
14Australia82,000,000
96%
10Brazil149,513,322
96%
3China612,000,000
96%
9Japan155,888,000
96%
15Spain78,690,507
96%
12Canada125,000,000
93%
11Germany128,100,000
93%
13Italy97,380,572
93%
18Argentina48,395,770
89%
5South Korea213,324,223
89%
19Colombia43,817,971
74%
17Turkey50,405,020
70%
20Philippines 38,820,000
63%
16Malaysia61,020,000
56%

Score Distribution

Percentile by Number Answered

Percent of People with Each Score

Your Score History

You have not taken this quiz